La alimentación que nos ofrecen / (Registro nro. 11520)

Detalles MARC
000 -LEADER
fixed length control field 00941nam a2200241Ia 4500
003 - CONTROL NUMBER IDENTIFIER
control field OSt
005 - DATE AND TIME OF LATEST TRANSACTION
control field 20210415184141.0
008 - FIXED-LENGTH DATA ELEMENTS--GENERAL INFORMATION
fixed length control field 210310s2004 ck a gr 000 0 spa d
020 ## - INTERNATIONAL STANDARD BOOK NUMBER
International Standard Book Number 9589262341
040 ## - CATALOGING SOURCE
Original cataloging agency CO-JMCR
Transcribing agency CO-JMCR
041 0# - LANGUAGE CODE
Language code of text/sound track or separate title spa
082 04 - DEWEY DECIMAL CLASSIFICATION NUMBER
Classification number 382.917 /
Item number M157a
Edition number 23
100 1# - MAIN ENTRY--PERSONAL NAME
Personal name Mantilla Quijano, Alejandro,
Relator term autor
9 (RLIN) 25741
245 13 - TITLE STATEMENT
Title La alimentación que nos ofrecen /
Statement of responsibility, etc. Alejandro Mantilla Quijano.
260 ## - PUBLICATION, DISTRIBUTION, ETC.
Place of publication, distribution, etc. Bogotá :
Name of publisher, distributor, etc. Plataforma colombiana de derechos humanos, democracia y desarrollo,
Date of publication, distribution, etc. 2004.
300 ## - PHYSICAL DESCRIPTION
Extent 111 páginas :
Other physical details ilustraciones a color ;
Dimensions 17 cm.
490 0# - SERIES STATEMENT
Series statement Alcatemas ;
Volume/sequential designation 4.
500 ## - GENERAL NOTE
General note 0
505 0# - FORMATTED CONTENTS NOTE
Formatted contents note ¿En qué consiste el derecho a una alimentación adecuada?. -- Agricultura y alimentación. -- Otros peligros generosos del ALCA. -- Lo que va de seguridad a la autonomía.
650 14 - SUBJECT ADDED ENTRY--TOPICAL TERM
Topical term or geographic name entry element Peligros del TLC.
9 (RLIN) 25743
650 14 - SUBJECT ADDED ENTRY--TOPICAL TERM
Topical term or geographic name entry element Seguridad a la autonomía TLC.
9 (RLIN) 36900
942 ## - ADDED ENTRY ELEMENTS (KOHA)
Source of classification or shelving scheme Dewey Decimal Classification
Koha item type Books
Existencias
Withdrawn status Lost status Source of classification or shelving scheme Damaged status Not for loan Home library Current library Shelving location Date acquired Coded location qualifier Full call number Barcode Date last seen Copy number Price effective from Koha item type
    Dewey Decimal Classification     Biblioteca Pública José María del Castillo y Rada Biblioteca Pública José María del Castillo y Rada General Stacks 04/15/2018 $0. 382.917 / M157a 430010910 05/16/2024 Ej.1 03/10/2021 Books